| 000 | 01331cam a22003737a 4500 | ||
|---|---|---|---|
| 999 |
_c522740 _d522740 |
||
| 001 | 14546229 | ||
| 003 | NUST | ||
| 005 | 20190104094119.0 | ||
| 008 | 060911s2006 ii a 000 1 eng | ||
| 010 | _a 2006541154 | ||
| 020 | _a8174364447 | ||
| 025 | _aI-E-2006-541154; 27 | ||
| 037 |
_bLibrary of Congress -- New Delhi Overseas Office _cRs495.00 |
||
| 038 | _awaseem | ||
| 040 |
_aDLC _cDLC _dDLC |
||
| 042 | _alcode | ||
| 043 |
_aa-ii--- _aa-pk--- |
||
| 050 | 0 | 0 |
_aMLCS 2006/01358 (P) _aPR9499.3.S53 |
| 082 |
_a954.904 _bSIN |
||
| 100 | 0 |
_aKhushwant Singh, _d1915-2014. _912976 |
|
| 240 | 1 | 0 | _aMano Majra |
| 245 | 1 | 0 |
_aTrain to Pakistan / _cKhushwant Singh ; photographs, Margaret Bourke-White ; concept, research & editing, Pramod Kapoor. |
| 260 |
_aNew Delhi : _bTime Books International, _c1981. |
||
| 300 | _a181 p. ; | ||
| 500 | _aNovel. | ||
| 651 | 0 |
_aIndia _xHistory _yPartition, 1947 _vFiction. _912977 |
|
| 651 | 0 |
_aIndia _xHistory _yPartition, 1947 _vPictorial works. _912978 |
|
| 700 | 1 |
_aBourke-White, Margaret, _d1904-1971. _912979 |
|
| 700 | 1 |
_aKapoor, Pramod. _912980 |
|
| 856 | 4 | 2 |
_3Contributor biographical information _uhttp://www.loc.gov/catdir/enhancements/fy0913/2006541154-b.html |
| 906 |
_a7 _bcbc _corigode _d4 _encip _f20 _gy-gencatlg |
||
| 942 |
_2ddc _cBK |
||